LEADER 00938nas 2200349-a 450 001 996205077103316 005 20221206192547.0 011 $a1529-7136 035 $a(OCoLC)43852562 035 $a(CKB)991042723548010 035 $a(CONSER)---00214660- 035 $a(EXLCZ)99991042723548010 100 $a20000414a19979999 s-- a 101 0 $aeng 135 $aurcn||||||||| 181 $ctxt$2rdacontent 182 $cc$2rdamedia 183 $acr$2rdacarrier 200 00$aBig bridge 210 $aPacifica, CA $cBig Bridge Press 531 0 $aBig bridge 606 $aAmerican poetry$y20th century$vPeriodicals 606 $aAmerican poetry$2fast$3(OCoLC)fst00807348 608 $aPeriodicals.$2fast 610 $aAmerican Literature 615 0$aAmerican poetry 615 7$aAmerican poetry. 676 $a808 906 $aJOURNAL 912 $a996205077103316 996 $aBig bridge$92580808 997 $aUNISA LEADER 02216nam 2200397 n 450 001 996391478203316 005 20221108035740.0 035 $a(CKB)4940000000105204 035 $a(EEBO)2264219985 035 $a(UnM)99854195 035 $a(EXLCZ)994940000000105204 100 $a19920715d1551 uh | 101 0 $aeng 135 $aurbn||||a|bb| 200 12$aA proclamation set furth by the kinges maiesty, with the aduise of his most honorable priuey counsail$b[electronic resource] $edeclaring his graces determinacion, concerning the amendement of his highnes coyne, and also to admonish such of his subiectes, as be engrossers of fermes, victualles and other thinges. [et]c. and the inhauncers of al prices of the same, and for the amendement of their gredy and insaciable doinges, [et]c. the. xi. day of May in the .v. yere of his moste prosperous reigne 210 $a[London] $cRichardus Grafton typographus Regius excudebat$dmense Maij. a, M.D.LI. [1551] 215 $a2 leaves (versos blank) 300 $a"Refers to Proc. 30 April, 1551 ... that from 31 August the 1s. should be current at 9d. and the groat at 3d. This order has been abused and misinterpreted. The coin shall be purified. Engrossers of Farms, victual, grain, &c., and wool, who are chief causers of the dearth, are threatened with displeasure. Offenders will be punished by the King, and are not to be moved against by private persons." -- Steele. 300 $aCaption title. 300 $aPlace of publication from STC, rest of imprint from colophon. 300 $aAfter imprint: Cum priuilegio ad imprimendum solum. 300 $aSteele notation: understanding sire 2)shal of. 300 $aReproduction of the originals in the British Library. 330 $aeebo-0018 606 $aCoinage$zEngland$vEarly works to 1800 615 0$aCoinage 701 $aEdward$cKing of England,$f1537-1553.$01002269 801 0$bCu-RivES 801 1$bCu-RivES 801 2$bCStRLIN 801 2$bCu-RivES 801 2$bWaOLN 906 $aBOOK 912 $a996391478203316 996 $aA proclamation set furth by the kinges maiesty, with the aduise of his most honorable priuey counsail$92378217 997 $aUNISA